| 000 | 00368 a2200157 4500 | ||
|---|---|---|---|
| 003 | Nust | ||
| 005 | 20230529132214.0 | ||
| 040 | _cNust | ||
| 082 | _a808.83,HAL | ||
| 100 |
_aEllis, havelock _9112766 |
||
| 245 |
_aThe Well of Loneliness _cRadclyffe Hall |
||
| 260 |
_aNew York _bCovici Friede Pub |
||
| 300 | _a506:p | ||
| 650 |
_aA Novel _9107173 |
||
| 942 |
_2ddc _cBK |
||
| 999 |
_c186902 _d186902 |
||